[Event "Bohumin op-B 6th"]
[Site "Bohumin"]
[Date "2023.07.05"]
[Round "5"]
[White "Drabiniok, Kazimierz"]
[Black "Fojcik, Kacper"]
[Result "1-0"]
[WhiteElo "1781"]
[BlackElo "1593"]
[PlyCount "130"]
[EventDate "2023.07.01"]
[EventType "swiss"]
[EventRounds "9"]
[EventCountry "CZE"]
[SourceTitle "EXT 2024"]
[Source "ChessBase"]
[SourceDate "2023.10.10"]
[SourceVersion "1"]
[SourceVersionDate "2023.10.10"]
[SourceQuality "1"]

1. e4 c6 2. b3 d5 3. exd5 cxd5 4. Bb2 Nc6 5. Nf3 Bg4 6. h3 Bxf3 7. Qxf3 e6 8. Bb5 Nf6 9. c4 Be7 10. cxd5 exd5 11. Bxf6 Bxf6 12. Nc3 0-0 13. Bxc6 bxc6 14. 0-0 Qa5 15. Qd3 Rfe8 16. Rfe1 g6 17. Re3 Rxe3 18. fxe3 Re8 19. Rc1 Re6 20. Na4 Be7 21. Rc2 Bf8 22. Qd4 Re4 23. Qc3 Bb4 24. Qd3 Re6 25. Nc3 Bxc3 26. Qxc3 Qa6 27. Kf2 Qb6 28. b4 Qb5 29. a3 Qa6 30. Ra2 Qb6 31. Ra1 Re4 32. Rf1 Rf4+ 33. Kg1 Rxf1+ 34. Kxf1 Qa6+ 35. Kf2 Qa4 36. Kg3 Qb5 37. Qd4 Qa6 38. Qc3 Qa4 39. Kh4 h6 40. Kg3 Qa6 41. d3 Qa4 42. Kf4 Qb5 43. g4 Qb8+ 44. Kf3 Qb5 45. Qd4 Qa6 46. Qc3 Qb5 47. h4 Qa4 48. Kf4 Qb5 49. h5 g5+ 50. Kf3 Qa4 51. Ke2 Kh7 52. Kd2 Qa6 53. Qf6 Qxa3 54. Qxf7+ Kh8 55. Qf6+ Kg8 56. Qg6+ Kf8 57. Qxh6+ Kf7 58. Qg6+ Kf8 59. Qf6+ Ke8 60. Qxc6+ Ke7 61. Qc3 Qa2+ 62. Kc1 Qe2 63. Qe5+ Kf8 64. Qb8+ Kf7 65. Qxa7+ Ke8 1-0

[Event "Bohumin op-B 6th"]
[Site "Bohumin"]
[Date "2023.07.02"]
[Round "2"]
[White "Kristl, Simon"]
[Black "Drabiniok, Kazimierz"]
[Result "1/2-1/2"]
[WhiteElo "1462"]
[BlackElo "1781"]
[PlyCount "81"]
[EventDate "2023.07.01"]
[EventType "swiss"]
[EventRounds "9"]
[EventCountry "CZE"]
[SourceTitle "EXT 2024"]
[Source "ChessBase"]
[SourceDate "2023.10.10"]
[SourceVersion "1"]
[SourceVersionDate "2023.10.10"]
[SourceQuality "1"]

1. e4 Nf6 2. e5 Nd5 3. d4 d6 4. c4 Nb6 5. exd6 exd6 6. Bd3 Nc6 7. Be3 Qf6 8. Qe2 Qe7 9. Nc3 Nb4 10. 0-0-0 Nxd3+ 11. Qxd3 Bg4 12. Re1 0-0-0 13. h3 Bd7 14. Nf3 h6 15. Bg5 hxg5 16. Rxe7 Bxe7 17. Re1 Rde8 18. b3 g4 19. hxg4 Bxg4 20. Kb2 g6 21. Qe3 Bd7 22. Qf4 f5 23. Qc1 Bc6 24. Rh1 Bxf3 25. Rxh8 Rxh8 26. gxf3 Bf6 27. Qd2 c6 28. Kc2 Rh2 29. Nd1 Rh4 30. f4 Rh2 31. Qe3 Kd7 32. Qg3 Rh6 33. Qe3 d5 34. c5 Na8 35. Nc3 Nc7 36. Ne2 Rh2 37. Qg3 Rh6 38. Qe3 Ne6 39. Kd3 Rh4 40. Qg3 Rg4 41. Qf3 1/2-1/2

[Event "Jastrzebie Zdroj op"]
[Site "Jastrzebie Zdroj"]
[Date "2022.11.26"]
[Round "9"]
[White "Drabiniok, Kazimierz"]
[Black "Adamczyk, Piotr"]
[Result "1/2-1/2"]
[WhiteElo "1813"]
[BlackElo "1739"]
[PlyCount "36"]
[EventDate "2022.11.19"]
[EventType "swiss"]
[EventRounds "9"]
[EventCountry "POL"]
[SourceTitle "CBM 211 Extra"]
[Source "ChessBase"]
[SourceDate "2023.01.31"]
[SourceVersion "1"]
[SourceVersionDate "2023.01.31"]
[SourceQuality "1"]

1. e4 g6 2. b3 Bg7 3. Nc3 c5 4. Bb2 Nc6 5. Nf3 e6 6. Bb5 Nge7 7. Na4 Bxb2 8. Nxb2 a6 9. Bxc6 Nxc6 10. c3 d5 11. exd5 exd5 12. Qe2+ Qe7 13. Qxe7+ Kxe7 14. d4 cxd4 15. Nxd4 Nxd4 16. cxd4 Bd7 17. Kd2 Rhe8 18. Rhe1+ Kd6 1/2-1/2

[Event "Jastrzebie Zdroj op"]
[Site "Jastrzebie Zdroj"]
[Date "2022.11.22"]
[Round "5"]
[White "Posluszny, Tomasz"]
[Black "Drabiniok, Kazimierz"]
[Result "1/2-1/2"]
[WhiteElo "1944"]
[BlackElo "1813"]
[PlyCount "97"]
[EventDate "2022.11.19"]
[EventType "swiss"]
[EventRounds "9"]
[EventCountry "POL"]
[SourceTitle "CBM 211 Extra"]
[Source "ChessBase"]
[SourceDate "2023.01.31"]
[SourceVersion "1"]
[SourceVersionDate "2023.01.31"]
[SourceQuality "1"]

1. d4 d6 2. e4 g6 3. Nc3 Bg7 4. Be3 Nc6 5. Qd2 a6 6. d5 Ne5 7. h3 c5 8. a4 Qa5 9. Ra3 f5 10. exf5 Bxf5 11. g4 Bd7 12. Ne4 Qxd2+ 13. Nxd2 Nf6 14. c4 Rb8 15. f4 Nf7 16. a5 b5 17. axb6 Rxb6 18. b3 0-0 19. Bg2 Rfb8 20. Ne2 e5 21. Kf2 exf4 22. Bxf4 g5 23. Bh2 h5 24. gxh5 Nxh5 25. Bf3 Nf6 26. Bg3 g4 27. hxg4 Bxg4 28. Bf4 Re8 29. Rg1 Bxf3 30. Kxf3 Kf8 31. Rf1 Nd7 32. Ng3 Bb2 33. Ra2 Bc3 34. Nf5 Bxd2 35. Rxd2 Rxb3+ 36. Kg2 Re4 37. Nxd6 Nxd6 38. Bxd6+ Kg8 39. Rf4 Rxf4 40. Bxf4 Rc3 41. Ra2 Rxc4 42. Kf3 Rd4 43. d6 Kf7 44. Re2 Nf6 45. Re7+ Kg6 46. Be5 Rd5 47. Kf4 Rxd6 48. Bxd6 Nd5+ 49. Ke4 1/2-1/2

[Event "Jastrzebie Zdroj op 4th"]
[Site "Jastrzebie Zdroj"]
[Date "2021.11.12"]
[Round "8"]
[White "Drabiniok, Kazimierz"]
[Black "Tomanec, Samuel"]
[Result "1-0"]
[WhiteElo "1856"]
[BlackElo "1464"]
[PlyCount "97"]
[EventDate "2021.11.07"]
[EventType "swiss"]
[EventRounds "9"]
[EventCountry "POL"]
[SourceTitle "CBM 205 Extra"]
[Source "ChessBase"]
[SourceDate "2022.01.31"]
[SourceVersion "1"]
[SourceVersionDate "2022.01.31"]
[SourceQuality "1"]

1. e4 e5 2. Qh5 Nc6 3. Bc4 Qf6 4. c3 g6 5. Qf3 Bg7 6. d3 Qxf3 7. Nxf3 Nge7 8. Bg5 d6 9. Nbd2 Bg4 10. h3 Bxf3 11. Nxf3 h6 12. Be3 Na5 13. Bb5+ c6 14. Ba4 b5 15. Bc2 Nb7 16. a4 a6 17. axb5 cxb5 18. Ke2 d5 19. Bb3 dxe4 20. dxe4 0-0 21. Rhd1 Rfd8 22. Bb6 Rxd1 23. Rxd1 Nc6 24. Rd7 Nbd8 25. Bd5 Rc8 26. Rd6 Bf8 27. Rxg6+ Kh7 28. Rg3 Ne6 29. Nh4 Nf4+ 30. Kd2 Be7 31. Nf5 Bg5 32. Kc2 Nb4+ 33. Kb3 Nbxd5 34. exd5 Nxd5 35. Be3 Nxe3 36. Nxe3 Bxe3 37. Rxe3 Re8 38. Kb4 Re6 39. Kc5 Kg6 40. Kd5 Kf5 41. b3 a5 42. c4 a4 43. cxb5 a3 44. b4 a2 45. Ra3 e4 46. Rxa2 Re5+ 47. Kc4 Re8 48. b6 Rc8+ 49. Kb5 1-0